| 000 | 00523cam a22001695a 4500 | ||
|---|---|---|---|
| 001 | ##L134596 | ||
| 008 | 060818s1920 xxk 000 0 eng u | ||
| 035 | _a(Sirsi) u134596 | ||
| 041 | 0 | _aeng | |
| 110 | 2 | _aLand Agents' Society | |
| 245 | 0 | 0 |
_aRules of the Land Agents' Society _balso standing orders, resolutions and opinions of the council and its committees |
| 260 |
_aLondon _bLand Agents' Society _c1920 |
||
| 300 |
_a16p. _c22cm. |
||
| 651 | 4 |
_aUnited Kingdom _y |
|
| 690 | _aBusiness and management | ||
| 942 | _n0 | ||
| 999 |
_c105736 _d105736 |
||